000 005410000a22001810004500
020 _a958-9149-33-2
041 0 _aSPA
082 0 4 _aG 266.02 J736o
100 1 _aJohnstone, Patrick
245 1 0 _aOperación Mundo : Una guía diaria para la intercesión mundial / Patrick Johnsotone; Andrés Prins S.
260 _a[S.L] : CLC (ver Centros de Literatura Cristiana)
300 _a515 Pag
001 11307
942 _cBK
999 _c40651
_d40651
336 _atexto
_btxt
_2rdacontent
337 _2rdamedia
_asin mediación
_bn
338 _2rdacarrier
_avolumen
_bnc